| 000 | 00700cab a2200241 4500 | ||
|---|---|---|---|
| 001 | ABS55871 | ||
| 008 | 090401t1996 xxu||||| |||| 00| 0 eng d | ||
| 035 | _a(Sirsi) u19294 | ||
| 041 | _aeng | ||
| 100 | _aCargill Thompson, J | ||
| 245 | _aSalary survey: consultants | ||
| 260 | _c1996 | ||
| 350 | _a0 | ||
| 490 |
_aBuilding _v261(7964) 13 September 1996, 45-49(5) |
||
| 520 | _aReports on the findings of the latest Building/Montrose salary survey for consultants. | ||
| 650 | _aARCHITECTS | ||
| 650 | _aCONSULTANTS | ||
| 650 | _aQUANTITY SURVEYORS | ||
| 650 | _aSALARY SURVEYS | ||
| 690 | _aMANAGEMENT-BUSINESS MANAGEMENT-PROFESSIONAL PRACTICE | ||
| 942 | _n0 | ||
| 948 | _c04/03/1997 | ||
| 999 |
_c12867 _d12867 |
||